Probability through problems (Record no. 120961)

MARC details
000 -LEADER
fixed length control field 00365nam a2200145Ia 4500
008 - FIXED-LENGTH DATA ELEMENTS--GENERAL INFORMATION
fixed length control field 230917s9999||||xx |||||||||||||| ||und||
040 ## - CATALOGING SOURCE
-- 111052
Original cataloging agency VIVEKANANDA LIBRARY
041 ## - Language
-- English
082 ## - DDC NUMBER
Classification number 519.2 C172P
100 ## - MAIN ENTRY--PERSONAL NAME
Personal name Capinski, Mark
245 #0 - TITLE STATEMENT
Title Probability through problems
260 ## - PUBLICATION, DISTRIBUTION, ETC. (IMPRINT)
Place of publication, distribution, etc New Delhi
Name of publisher, distributor, etc Springer (India)
Date of publication, distribution, etc 2001
300 ## - PHYSICAL DESCRIPTION
Pages viii, 257 p.
942 ## - ADDED ENTRY ELEMENTS (KOHA)
Koha item type Books
Holdings
Withdrawn status Lost status Damaged status Not for loan Location (home branch) Sublocation or collection (holding branch) Date acquired Koha issues (times borrowed) Koha full call number Accession No. Koha date last seen Koha item type
        VIVEKANANDA LIBRARY VIVEKANANDA LIBRARY 03/08/2006   519.2 C172P 213845 17/09/2023 Books
        VIVEKANANDA LIBRARY VIVEKANANDA LIBRARY 03/08/2006   519.2 C172P 252449 17/09/2023 Books
        VIVEKANANDA LIBRARY VIVEKANANDA LIBRARY 03/08/2006   519.2 C172P 252450 17/09/2023 Books
        VIVEKANANDA LIBRARY VIVEKANANDA LIBRARY 03/08/2006   519.2 C172P 252451 17/09/2023 Books
        VIVEKANANDA LIBRARY VIVEKANANDA LIBRARY 03/08/2006   519.2 C172P 252452 17/09/2023 Books
        VIVEKANANDA LIBRARY VIVEKANANDA LIBRARY 03/08/2006   519.2 C172P 252453 17/09/2023 Books
        VIVEKANANDA LIBRARY VIVEKANANDA LIBRARY 03/08/2006   519.2 C172P 252454 17/09/2023 Books
        VIVEKANANDA LIBRARY VIVEKANANDA LIBRARY 03/08/2006   519.2 C172P 252455 17/09/2023 Books
        VIVEKANANDA LIBRARY VIVEKANANDA LIBRARY 03/08/2006   519.2 C172P 258218 17/09/2023 Books
        VIVEKANANDA LIBRARY VIVEKANANDA LIBRARY 03/08/2006   519.2 C172P 263067 17/09/2023 Books
        VIVEKANANDA LIBRARY VIVEKANANDA LIBRARY 03/08/2006   519.2 C172P 263068 17/09/2023 Books
        VIVEKANANDA LIBRARY VIVEKANANDA LIBRARY 03/08/2006   519.2 C172P 263069 17/09/2023 Books
        VIVEKANANDA LIBRARY VIVEKANANDA LIBRARY 03/08/2006   519.2 C172P 305667 17/09/2023 Books
        VIVEKANANDA LIBRARY VIVEKANANDA LIBRARY 03/08/2006   519.2 C172P 334780 17/09/2023 Books
© Designed and Maintained by Vivekananda Library, MDU Rohtak